Child growth and development Ed 5 (Record no. 215183)

MARC details
000 -LEADER
fixed length control field 00537nam a2200193Ia 4500
008 - FIXED-LENGTH DATA ELEMENTS--GENERAL INFORMATION
fixed length control field 210719s2006 xx 000 0 und d
020 ## - INTERNATIONAL STANDARD BOOK NUMBER
International Standard Book Number 0-07-099362-9
041 ## - LANGUAGE CODE
Language code of text/sound track or separate title eng
082 ## - DEWEY DECIMAL CLASSIFICATION NUMBER
Classification number 155.4 HURC
100 ## - MAIN ENTRY--PERSONAL NAME
Personal name HURLOCK (Elizabeth B)
245 ## - TITLE STATEMENT
Title Child growth and development Ed 5
250 ## - EDITION STATEMENT
Edition statement 5
260 ## - PUBLICATION, DISTRIBUTION, ETC.
Place of publication, distribution, etc. New Delhi
Name of publisher, distributor, etc. Tata McGraw-Hill Publishing Company Ltd.
Date of publication, distribution, etc. 2006
300 ## - PHYSICAL DESCRIPTION
Extent x,374
Other physical details PB
365 ## - TRADE PRICE
Price amount 315
Currency code Rs
650 ## - SUBJECT ADDED ENTRY--TOPICAL TERM
Topical term or geographic name entry element Child Psychology
650 ## - SUBJECT ADDED ENTRY--TOPICAL TERM
Topical term or geographic name entry element Psychology
906 ## - LOCAL DATA ELEMENT F, LDF (RLIN)
a 5 ; and ; Child ; development ; Ed ; growth
Holdings
Withdrawn status Lost status Damaged status Not for loan Collection code Home library Current library Date acquired Source of acquisition Cost, normal purchase price Total Checkouts Full call number Barcode Date last seen Date last checked out Price effective from Koha item type
          St Aloysius Library St Aloysius Library 06/03/2010 West Coast Paper & Stationers Mangalore-1 315.00 1 155.4 HURC D03799 09/13/2025 09/11/2025 07/19/2021 Donated Books